| 000 | 00391nam a22001697a 4500 | ||
|---|---|---|---|
| 003 | OSt | ||
| 005 | 20240109100646.0 | ||
| 008 | 220630b xxu||||| |||| 00| 0 eng d | ||
| 020 | _a9788126515370 | ||
| 040 | _cIIMT UNIVERSITY | ||
| 100 | _aROSS S. L. | ||
| 245 | _aDIFFERENTIAL EQUATIONS | ||
| 250 | _a3rd | ||
| 260 |
_aNEW DELHI _bWILEY INDIA _c2018 |
||
| 300 | _a807 | ||
| 942 |
_2ddc _c02 |
||
| 999 |
_c52694 _d52694 |
||